| 000 | 00444nam a22001697a 4500 | ||
|---|---|---|---|
| 003 | NUST - PNEC | ||
| 005 | 20170116180752.0 | ||
| 008 | 150312b xxu||||| |||| 00| 0 eng d | ||
| 040 | _cLIBRARY | ||
| 082 | _a891.439 WAS | ||
| 100 |
_91767 _aWasif Ali Wasif |
||
| 245 |
_aThe beaming soul _cWasif Ali Wasif |
||
| 260 |
_aLahore : _bKashif Publications, |
||
| 300 |
_a186 p. : _c22 cm. |
||
| 651 |
_91768 _aIslam, Social Life |
||
| 942 |
_2ddc _cBK |
||
| 999 |
_c62591 _d62591 |
||